Eastern Utah Libraries Catalog: Duchesne, Heber, Roosevelt, & Vernal

Dreamkeeper (Record no. 264775)

MARC details
000 -LEADER
fixed length control field 04939ngm a2200901Ia 4500
001 - CONTROL NUMBER
control field ocm54705824
003 - CONTROL NUMBER IDENTIFIER
control field OCoLC
005 - DATE AND TIME OF LATEST TRANSACTION
control field 20200320181733.0
006 - FIXED-LENGTH DATA ELEMENTS--ADDITIONAL MATERIAL CHARACTERISTICS--GENERAL INFORMATION
fixed length control field j n
007 - PHYSICAL DESCRIPTION FIXED FIELD--GENERAL INFORMATION
fixed length control field vd cvaizq
007 - PHYSICAL DESCRIPTION FIXED FIELD--GENERAL INFORMATION
fixed length control field sd fsngnn|||eu
008 - FIXED-LENGTH DATA ELEMENTS--GENERAL INFORMATION
fixed length control field 040316p20042003xxu180 g vleng d
019 ## -
-- 54387372
020 ## - INTERNATIONAL STANDARD BOOK NUMBER
Terms of availability 17.95
024 1# - OTHER STANDARD IDENTIFIER
Standard number or code 707729144199
028 42 - PUBLISHER NUMBER
Publisher number 14419
Source Hallmark Home Entertainment
028 40 - PUBLISHER NUMBER
Publisher number 14420
Source Hallmark Home Entertainment
028 02 - PUBLISHER NUMBER
Publisher number 302 066 528 2
Source Varese Sarabande
035 ## - SYSTEM CONTROL NUMBER
System control number (OCoLC)54705824
Canceled/invalid control number (OCoLC)54387372
040 ## - CATALOGING SOURCE
Original cataloging agency JFN
Transcribing agency JFN
Modifying agency TEF
-- OCLCQ
-- OCL
-- IBS
-- VP@
-- BTCTA
-- WACOL
043 ## - GEOGRAPHIC AREA CODE
Geographic area code n-us-sd
049 ## - LOCAL HOLDINGS (OCLC)
Holding library WACL
050 #4 - LIBRARY OF CONGRESS CALL NUMBER
Classification number PN1997
Item number .D75 2003
082 04 - DEWEY DECIMAL CLASSIFICATION NUMBER
Classification number 791.43/72
Edition number 22
092 ## - LOCALLY ASSIGNED DEWEY CALL NUMBER (OCLC)
Classification number DVD
Item number Dre
245 00 - TITLE STATEMENT
Title Dreamkeeper
Medium [videorecording] /
Statement of responsibility, etc [Hallmark Entertainment ; Sextant Entertainment Group] ; produced in association with RTL Television Germany ; directed by Steven Barron ; written by John Fusco ; produced by Matthew O'Connor, Ron McLeod.
260 ## - PUBLICATION, DISTRIBUTION, ETC. (IMPRINT)
Place of publication, distribution, etc [United States] :
Name of publisher, distributor, etc Hallmark Home Entertainment,
Date of publication, distribution, etc [2004]
300 ## - PHYSICAL DESCRIPTION
Extent 1 videodisc (ca. 180 min.) :
Other physical details sd., col. ;
Dimensions 4 3/4 in. +
Accompanying material 1 sound disc (4 3/4 in.)
538 ## - SYSTEM DETAILS NOTE
System details note DVD.
546 ## - LANGUAGE NOTE
Language note Closed-captioned.
511 1# - PARTICIPANT OR PERFORMER NOTE
Participant or performer note August Schellenberg, Eddie Spears, Gil Birmingham, Sheila Tousey, Nathan Chasing Horse, Chaske Spencer, Gloria Eshkibok, Kimberly Norris Guerrero, Sean Wei Mah.
508 ## - CREATION/PRODUCTION CREDITS NOTE
Creation/production credits note Director of photography, Jon Joffin ; art director, Bill Ives, Andrew Moreau ; editor, Colin Green ; music, Stephen Warbeck ; costume designer, Mario Davignon ; production designer, Ken Rempel ; visual effects supervisor, Nicholas Brooks.
500 ## - GENERAL NOTE
General note Originally broadcast on television in 2003.
500 ## - GENERAL NOTE
General note Region 1, full screen presentation; Dolby Digital 5.1 or 2.0.
521 8# - TARGET AUDIENCE NOTE
Target audience note MPAA rating: Not rated.
520 ## - SUMMARY, ETC.
Summary, etc A Lakota storyteller and his grandson, a troubled 17-year-old boy, embark on a cross-country journey toward self-discovery. The grandson agrees to take his grandfather from Pine Ridge Reservation in S.D. to a powwow in Santa Fe in order to escape from some trouble with the local gang. Interwoven with the journey of the grandfather and grandson are retellings of Native American legends .
505 00 - FORMATTED CONTENTS NOTE
Miscellaneous information Accompanying CD soundtrack (54 min.):
Title Eagle boy
Statement of responsibility (featuring David Midthunder & Maza Kute) --
Title The journey --
-- Bluebird woman ;
-- High Horse captures the ponies
Statement of responsibility (featuring Tokala Clifford) --
Title She crosses the water
Statement of responsibility (featuring Iris Stacey & the Sweetgrass Singers) --
Title Plea for brother --
-- Tehan --
-- The elk --
-- The serpent --
-- Riding to the rainbow --
-- The dun pony --
-- Killing the buffalo --
-- Resurrection of the dun pony --
-- Quillwork girl's journey
Statement of responsibility (featuring the Dorene Day Singers) --
Title Buffalo to the stars --
-- Birth of the falls --
-- Daughter climbs the mountain --
-- Father's ghost --
-- Three generations --
-- Death of grandfather --
-- Shane's journey --
-- Powwow chant
Statement of responsibility (featuring Maza Kute) --
Title The end of the story --
-- Straight round dance song
Statement of responsibility (featuring the Boyz).
500 ## - GENERAL NOTE
General note Special features include: Making of Dreamkeeper; Native American history and facts; Hallmark trailer gallery.
650 #0 - SUBJECT ADDED ENTRY--TOPICAL TERM
Topical term or geographic name as entry element Grandfathers
Form subdivision Drama.
9 (RLIN) 5766735
650 #0 - SUBJECT ADDED ENTRY--TOPICAL TERM
Topical term or geographic name as entry element Teenage boys
Form subdivision Drama.
9 (RLIN) 5729102
650 #0 - SUBJECT ADDED ENTRY--TOPICAL TERM
Topical term or geographic name as entry element Teton Indians
Form subdivision Drama.
9 (RLIN) 5837626
650 #0 - SUBJECT ADDED ENTRY--TOPICAL TERM
Topical term or geographic name as entry element Legends
Geographic subdivision North America
Form subdivision Drama.
9 (RLIN) 5837627
650 #0 - SUBJECT ADDED ENTRY--TOPICAL TERM
Topical term or geographic name as entry element Indians of North America
Form subdivision Folklore
-- Drama.
9 (RLIN) 5837628
655 #0 - INDEX TERM--GENRE/FORM
Genre/form data or focus term Television mini-series.
9 (RLIN) 5837629
655 #0 - INDEX TERM--GENRE/FORM
Genre/form data or focus term Feature films.
9 (RLIN) 5837630
655 #0 - INDEX TERM--GENRE/FORM
Genre/form data or focus term Video recordings for the hearing impaired.
9 (RLIN) 5837631
650 #0 - SUBJECT ADDED ENTRY--TOPICAL TERM
Topical term or geographic name as entry element Television music
Form subdivision Excerpts.
9 (RLIN) 5837632
650 #0 - SUBJECT ADDED ENTRY--TOPICAL TERM
Topical term or geographic name as entry element New Age music.
9 (RLIN) 94932
700 1# - ADDED ENTRY--PERSONAL NAME
Personal name Barron, Steven.
9 (RLIN) 72313
700 1# - ADDED ENTRY--PERSONAL NAME
Personal name Fusco, John.
9 (RLIN) 49580
700 1# - ADDED ENTRY--PERSONAL NAME
Personal name O'Conner, Matthew.
9 (RLIN) 5837633
700 1# - ADDED ENTRY--PERSONAL NAME
Personal name McLeod, Ron.
9 (RLIN) 72312
700 1# - ADDED ENTRY--PERSONAL NAME
Personal name Schellenberg, August.
9 (RLIN) 63019
700 1# - ADDED ENTRY--PERSONAL NAME
Personal name Spears, Eddie.
9 (RLIN) 72314
700 1# - ADDED ENTRY--PERSONAL NAME
Personal name Birmingham, Gil.
9 (RLIN) 72315
700 1# - ADDED ENTRY--PERSONAL NAME
Personal name Tousey, Sheila.
9 (RLIN) 68739
700 1# - ADDED ENTRY--PERSONAL NAME
Personal name Horse, Nathan Chasing.
9 (RLIN) 72316
700 1# - ADDED ENTRY--PERSONAL NAME
Personal name Spencer, Chaske.
9 (RLIN) 72317
700 1# - ADDED ENTRY--PERSONAL NAME
Personal name Eshkibok, Gloria.
9 (RLIN) 72318
700 1# - ADDED ENTRY--PERSONAL NAME
Personal name Guerrero, Kimberly Norris.
9 (RLIN) 72319
700 1# - ADDED ENTRY--PERSONAL NAME
Personal name Mah, Sean Wei.
9 (RLIN) 72320
700 1# - ADDED ENTRY--PERSONAL NAME
Personal name Joffin, Jon.
9 (RLIN) 72321
700 1# - ADDED ENTRY--PERSONAL NAME
Personal name Ives, Bill.
9 (RLIN) 5837634
700 1# - ADDED ENTRY--PERSONAL NAME
Personal name Moreau, Andrew.
9 (RLIN) 72322
700 1# - ADDED ENTRY--PERSONAL NAME
Personal name Green, Colin.
9 (RLIN) 6058
700 1# - ADDED ENTRY--PERSONAL NAME
Personal name Warbeck, Stephen.
9 (RLIN) 65721
700 1# - ADDED ENTRY--PERSONAL NAME
Personal name Davignon, Mario.
9 (RLIN) 72323
700 1# - ADDED ENTRY--PERSONAL NAME
Personal name Rempel, Ken.
9 (RLIN) 72324
710 2# - ADDED ENTRY--CORPORATE NAME
Corporate name or jurisdiction name as entry element Hallmark Entertainment (Firm)
9 (RLIN) 64960
710 2# - ADDED ENTRY--CORPORATE NAME
Corporate name or jurisdiction name as entry element Sextant Entertainment Group.
9 (RLIN) 5837635
710 2# - ADDED ENTRY--CORPORATE NAME
Corporate name or jurisdiction name as entry element RTL-Télévision.
9 (RLIN) 28709
710 2# - ADDED ENTRY--CORPORATE NAME
Corporate name or jurisdiction name as entry element Artisan Home Entertainment (Firm)
9 (RLIN) 66011
938 ## -
-- Baker and Taylor
-- BTCP
-- be2004002627
942 ## - ADDED ENTRY ELEMENTS (KOHA)
Koha item type DVD
948 ## - LOCAL PROCESSING INFORMATION (OCLC); SERIES PART DESIGNATOR (RLIN)
Series part designator, SPT (RLIN) 05/16/2007
z (OCLC) Sirsi
994 ## -
-- 02
-- WACOL
996 ## -
-- 55607
-- 34301000598351
-- DVD
-- DVD
-- wcl
-- i
-- 125
-- 17.95
-- .CIRCNOTE. 2 discs
-- Amazon.com
-- Dre
-- 05/16/2007
-- 09/18/2019
-- 09/11/2019
Holdings
Withdrawn status Lost status Source of classification or shelving scheme Materials specified (bound volume or other part) Damaged status Not for loan Collection code Home library Current library Shelving location Date acquired Source of acquisition Cost, normal purchase price Total Checkouts Total Renewals Full call number Barcode Date last seen Date checked out Cost, replacement price Price effective from Koha item type
    Dewey Decimal Classification .CIRCNOTE. 2 discs     Movies Wasatch County Library Wasatch County Library Audio Visual Area 05/16/2007 Amazon 17.95 128 3 DVD Dre 34301000598351 05/18/2024 05/04/2024 17.95 03/20/2020 DVD
This project was made possible through a grant from the Institute of Museum and Library Service administered by the Utah State Library Division.

Wasatch County Library

  • 465 East 1200 South, Heber City, Utah 84032
  • Phone 435-654-1511 | Fax 435-654-6456

Hours

  • Monday - Friday 9:30 AM - 8:00 PM
  • Saturday 9:30 AM - 1:30 PM
  • Closed Sundays and Holidays